=LDR 00000nam 2200000 4500 =001 INLIS000000000008652 =005 20130612100508 =008 ***********************************Ind** =035 ##$$0010-061300000008652 =041 ##$$a Ind =082 ##$$a 372.6 =090 ##$$a 372.6, Jun e =100 ##$$a Junaidi =245 ##$$a Het'sstart Engliish 1A, Junaidi, SS =260 ##$$a 2002 $b Jakarta =300 ##$$a 96 hlm, 21 cm =650 ##$$a Bahasa Inggris =850 ##$$a NBPNMAT